UBT Library

Musculoskeletal Disorders : A Practical Guide for Diagnosos and Rehabilitation (Record no. 55958)

000 -LEADER
fixed length control field 00369nam a22001457a 4500
008 - FIXED-LENGTH DATA ELEMENTS--GENERAL INFORMATION
fixed length control field 210308b ||||| |||| 00| 0 eng d
020 ## - INTERNATIONAL STANDARD BOOK NUMBER
International Standard Book Number 1563720779
041 ## - LANGUAGE CODE
Language code of text/sound track or separate title eng
080 ## - UNIVERSAL DECIMAL CLASSIFICATION NUMBER
Universal Decimal Classification number 617
082 ## - DEWEY DECIMAL CLASSIFICATION NUMBER
Classification number 617
100 ## - Rafti
Rafti 8
101 ## - Shkurtesa
Shkurtesa ORT
245 ## - TITLE STATEMENT
Title Musculoskeletal Disorders : A Practical Guide for Diagnosos and Rehabilitation
Statement of responsibility, etc Buschbacher,M.R
942 ## - ADDED ENTRY ELEMENTS (KOHA)
Source of classification or shelving scheme
Item type Books
Holdings
Withdrawn status Lost status Source of classification or shelving scheme Damaged status Not for loan Collection code Permanent location Current location Shelving location Date acquired Total Checkouts Full call number Barcode Date last seen Price effective from Koha item type
          Koleksioni i përgjithshem UBT - Lipjan UBT - Lipjan Koleksioni i përgjithshem 03/08/2021   617 BUS 002-7000973 03/08/2021 03/08/2021 Books
UBT Library © 2015-2024. All rights reserved University Education for Business and Technology